000 07611namaa22004331i 4500
003 EG-GICUC
005 20260426142714.0
008 260426s2025 ua a|||frm||| 000 0 eng d
040 _aEG-GICUC
_beng
_cEG-GICUC
_dEG-GICUC
_erda
041 0 _aeng
_beng
_bara
049 _aDeposit
082 0 4 _a611.018
092 _a611.018
_221
097 _aM.Sc
099 _aCai01.12.21.M.Sc.2025.Mo.E
100 0 _aMarwa Ahmed Lotfy Ali Gaafer,
_epreparation.
245 1 0 _aEffect of quercetin nanoparticles on high fat diet induced- obesity in Wistar rats /
_cby Marwa Ahmed Lotfy Ali Gaafer ; Supervisors Prof. Hanan Ramadan Hamad, Prof. Sherein Sayed Abdelgayed.
246 1 5 _aتأثير جسيمات الكيرسيتن النانوية علي جرذان ويستار البدينة المستحثة بالغذاء عالي الدهون
264 0 _c2025.
300 _a86 pages :
_billustrations ;
_c25 cm. +
_eCD.
336 _atext
_2rda content
337 _aUnmediated
_2rdamedia
338 _avolume
_2rdacarrier
502 _aThesis (M.Sc)-Cairo University, 2025.
504 _aBibliography: pages 73-86.
520 3 _aObesity is a metabolic disorder marked by excessive fat accumulation and is a major global health concern linked to serious conditions such as type 2 diabetes, cardiovascular disease, and certain cancers. Treatment strategies include lifestyle changes, medications, and surgery. Recently natural bioactive compounds, especially flavonoids like quercetin, which is known for it’s potential anti-obesity effect , antioxidant, anti-inflammatory, and metabolic regulatory properties. This study investigates the effect of quercetin and its Nano form (nano quercetin) on obese male Wister rats induced by a high-fat diet (HFD), Following acute toxicity testing to determine a safe dose, thirty-six rats were divided into six groups: non-obese control, obese HFD control, and non-obese or obese rats treated orally with quercetin or nanoquercetin at 10% of the safe dose daily for four weeks. Parameters assessed included body weight, lipid profile, total protein, genomic DNA integrity, gene expression of adiponectin and leptin, and histological examination of liver and pancreatic tissues .Results showed that both quercetin and nanoquercetin significantly reduced body weight gain and improved lipid profiles by lowering total cholesterol, LDL, and triglycerides, and increasing HDL. Quercetin improved total protein levels more consistently than nanoquercetin. Both compounds decreased DNA damage induced by HFD and normalized adiponectin and leptin gene expression, with nanoquercetin showing superior effects. Histological analysis revealed that treatment preserved liver and pancreatic tissue integrity compared to severe damage observed in the HFD group. In conclusion, this study highlights the therapeutic potential of quercetin, particularly in its nanoform, as a natural and effective anti- obesity agent. Its ulfifaceted mechanisms, incuding metabolic regulation genomic protection, and tissue preservation, support further investigation in preclinical and clincical models to establish its role in save, accessible obesity management.
520 3 _aالسمنة هي اضطراب أيضي يتميز بتراكم الدهون بشكل مفرط، وتُعد من المشكلات الصحية العالمية الكبرى المرتبطة بأمراض خطيرة مثل السكري من النوع الثاني، وأمراض القلب والأوعية الدموية، وبعض أنواع السرطان. تشمل استراتيجيات العلاج تعديل نمط الحياة، الأدوية، والجراحة. في الآونة الأخيرة، حظيت المركبات النشطة الحيوية الطبيعية، وخصوصًا الفلافونويدات مثل الكيرسيتين، باهتمام كبير بسبب تأثيراتها المضادة للسمنة الناتجة عن خصائصها المضادة للأكسدة والالتهابات وتنظيم الأيض. تهدف هذه الدراسة إلى تقييم تأثيرات الكيرسيتين ونظيره النانوي (نانوكيرسيتين) على فئران ويستر الذكور المصابة بالسمنة الناتجة عن النظام الغذائي عالي الدهون. تم تقسيم 36 فأرًا إلى ست مجموعات تلقت علاجات مختلفة. وتم قياس وزن الجسم، الملف الدهني، البروتين الكلي، تعبير جينات الأدبونيكتين والليبتين، تقييم تلف الحمض النووي عبر اختبار الكوميت، والفحص النسيجي للكبد والبنكرياس. أظهرت النتائج أن الكيرسيتين والنانوكيرسيتين خفضا بشكل ملحوظ زيادة وزن الجسم، وحسّنا الملف الدهني بتقليل الكوليسترول الكلي، LDL، والدهون الثلاثية، وزيادة HDL. كما حسّن الكيرسيتين مستويات البروتين الكلي بشكل أكثر انتظامًا مقارنة بالنانوكيرسيتين. كلا المركبين قللا من تلف الحمض النووي الناتج عن النظام الغذائي عالي الدهون وعادا تعبير جينات الأدبونيكتين والليبتين إلى مستويات طبيعية، مع تفوق النانوكيرسيتين في التأثير. كشف الفحص النسيجي عن حفظ سلامة أنسجة الكبد والبنكرياس في المجموعات المعالجة مقارنة بالتلف الشديد في مجموعة النظام عالي الدهون. ختامًا، يظهر الكيرسيتين والنانوكيرسيتين نشاطًا واعدًا مضادًا للسمنة عبر آليات متعددة تشمل تحسين الأيض، حماية الحمض النووي، والحفاظ على سلامة الأنسجة، مما يدعم إمكانية استخدامهما كعلاجات طبيعية وآمنة لمكافحة السمنة. تؤكد نتائج هذه الدراسة على الفعالية العلاجية المحتملة لمركب الكيرسيتين لاسيما في صورته النانوية، باعتباره عاملاً وأعد مضادا للسمنة ويعزى ذلك إلى آلياته المتعددة، التي تشمل تنظيم المسارات الأيضية، والحماية الجينية، والحفاظ على الالتي تشمل تنظيم المسارات الأيضية، والحماية الجينية، والحفاظ على البنية النسيجية. وتدعم هذه المعطيات ضرورة إجراء المزيد من الدراسات ما قبل السريرية والسريرية للتحقق من دوره وإمكاناته في تطبيقات علاجية آمنة وواسعة الانتشار لإدارة السمنة.
530 _aIssues also as CD.
546 _aText in English and abstract in Arabic & English.
650 0 _aCell biology
650 0 _aبيولوجيا الخلية
653 1 _aObesity
_aQuerceitin
_aNanoquerceitin
_aAntiobesity effect
_aHigh fat diet
_aAdiponectin
_aLeptin
700 0 _aHanan Ramadan Hamad
_ethesis advisor.
700 0 _aSherein Sayed Abdelgayed
_ethesis advisor.
900 _b01-01-2025
_cHanan Ramadan Hamad
_cSherein Sayed Abdelgayed
_UCairo University
_FFaculty of Science
_DDepartment of Zoology
905 _aShimaa
942 _2ddc
_cTH
_e21
_n0
999 _c179741